Petičné právo a povinnosti obce

Právna úprava petičného práva.

Saved in:
Bibliographic Details
Main Author: Kašiar, Ján
Format: Book Chapter
Language:Slovak
Subjects:
Tags: Add Tag
No Tags, Be the first to tag this record!

MARC

LEADER 00000naa a2200000 4500
001 0200567
005 20231120130436.1
041 0 |a slo 
044 |a SK 
245 1 0 |a Petičné právo a povinnosti obce  |c Ján Kašiar 
520 |a Právna úprava petičného práva. 
610 2 0 |a právo petičné 
610 2 0 |a obce 
610 2 0 |a Slovensko 
610 2 0 |a ústava 
100 1 |a Kašiar, Ján